000 00524nam a2200193Ia 4500
005 20250923144403.0
008 008 250917s9999 xx 000 0 eng d
037 _aReports
040 _aDSWL
_beng
_cDSWL
041 _aeng
_2eng
084 _aX:9.2'N31t4, N31;1
_qDSWL
245 0 _aReport 1931
_cby Royal comm on Labour in India
260 _aLondon
_bHMSO
_c1931
300 _a580 p.
365 _aINR
_b4.6
925 _g4.6
942 _cREP
_hX:9.2'N31t4, N31;1
999 _c1438213
_d1438213